El estado nacional y la empresa privada en la selección de proyectos de inversión (Registro nro. 28738)
[ vista simple ]
| 000 -LEADER | |
|---|---|
| fixed length control field | 00367 a2200109 4500 |
| 001 - CONTROL NUMBER | |
| control field | ART_23935 |
| 005 - DATE AND TIME OF LATEST TRANSACTION | |
| control field | 20260410161932.0 |
| 008 - FIXED-LENGTH DATA ELEMENTS--GENERAL INFORMATION | |
| fixed length control field | 260409a |
| 100 1# - MAIN ENTRY--PERSONAL NAME | |
| Personal name | Houssay, Emilio I. J. |
| 245 10 - TITLE STATEMENT | |
| Title | El estado nacional y la empresa privada en la selección de proyectos de inversión |
| 773 0# - HOST ITEM ENTRY | |
| Title | Informe |
| Related parts | - Año VI, Nº 42 (oct./dic. 1974) |
| Record control number | REV23765 |
No hay ítems disponibles.